Out of my mind / (Record no. 6257)

MARC details
000 -LEADER
fixed length control field 00935nam a22002897a 4500
001 - CONTROL NUMBER
control field 6257
003 - CONTROL NUMBER IDENTIFIER
control field FISKH
005 - DATE AND TIME OF LATEST TRANSACTION
control field 20250407104333.0
008 - FIXED-LENGTH DATA ELEMENTS--GENERAL INFORMATION
fixed length control field 250407b cb ||||| |||| 00| 0 eng d
020 ## - INTERNATIONAL STANDARD BOOK NUMBER
International Standard Book Number 9781416971719
040 ## - CATALOGING SOURCE
Original cataloging agency FISKH
Language of cataloging eng
Transcribing agency FISKH
Modifying agency FISKH
050 ## - LIBRARY OF CONGRESS CALL NUMBER
Classification number PZ7.D78325 O
082 ## - DEWEY DECIMAL CLASSIFICATION NUMBER
Classification number 813.6
100 ## - MAIN ENTRY--PERSONAL NAME
Personal name M.Draper, Sharon
Dates associated with a name (1952-)
245 ## - TITLE STATEMENT
Title Out of my mind /
Statement of responsibility, etc. Sharon M.Draper
250 ## - EDITION STATEMENT
Edition statement This edition first published in 2011
260 ## - PUBLICATION, DISTRIBUTION, ETC.
Place of publication, distribution, etc. New York :
Name of publisher, distributor, etc. Atheneum Book,
Date of publication, distribution, etc. 2011
300 ## - PHYSICAL DESCRIPTION
Extent 295 pages :
Dimensions 20 cm
505 ## - FORMATTED CONTENTS NOTE
Formatted contents note R<br/>
520 ## - SUMMARY, ETC.
Summary, etc. Considered by many to be mentally retarded, a brilliant, impatient fifth-grader with cerebral palsy discovers a technological device that will allow her to speak for the first time.<br/>
521 8# - TARGET AUDIENCE NOTE
Target audience note 700<br/>
Source Lexile<br/>
521 8# - TARGET AUDIENCE NOTE
Target audience note R<br/>
Source Raz-Plus<br/>
650 ## - SUBJECT ADDED ENTRY--TOPICAL TERM
Source of heading or term Cerebral palsy
Topical term or geographic name entry element Wheelchair
650 ## - SUBJECT ADDED ENTRY--TOPICAL TERM
Source of heading or term Bullying
Topical term or geographic name entry element Disability
942 ## - ADDED ENTRY ELEMENTS (KOHA)
Source of classification or shelving scheme Dewey Decimal Classification
Koha item type Books
Suppress in OPAC No
Holdings
Withdrawn status Lost status Source of classification or shelving scheme Damaged status Not for loan Collection Home library Current library Shelving location Date acquired Total Checkouts Full call number Barcode Date due Date last seen Date last checked out Copy number Price effective from Koha item type
    Dewey Decimal Classification     Juvenile Fiction Footprints International School Library Network Toul Tom Poung Campus Footprints International School Library Network Toul Tom Poung Campus TTP Primary Orange Bookshelves 04/07/2025 1 DRA 813.6 PZ7.D78325 O 2025-0989 03/13/2026 02/27/2026 02/27/2026 1 04/07/2025 Books